书目信息 |
| 题名: |
程控数字交换原理学习指导与习题解析
|
|
| 作者: | 刘振霞 编著 | |
| 分册: | ||
| 出版信息: | 西安 西安电子科技大学出版社 2005 |
|
| 页数: | 152页 | |
| 开本: | 24cm | |
| 丛书名: | ||
| 单 册: | ||
| 中图分类: | TN916.428 | |
| 科图分类: | ||
| 主题词: | 存储程序控制电话交换机--高等学校--教学参考资料 | |
| 电子资源: | ||
| ISBN: | 7-5606-1488-4 | |
| 000 | 00765nam0 2200217 450 | |
| 001 | 0143216202 | |
| 005 | 20050721080256.40 | |
| 010 | @a7-5606-1488-4@dCNY12.00 | |
| 100 | @a20050418d2005 km y0chiy0120 ea | |
| 101 | 0 | @achi |
| 102 | @aCN@b610000 | |
| 105 | @ay z 000yy | |
| 200 | 1 | @a程控数字交换原理学习指导与习题解析@Acheng kong shu zi jiao huan yuan li xue xi zhi dao yu xi ti jie xi@f刘振霞等编著@Fliu zhen xia deng bian zhu |
| 210 | @a西安@c西安电子科技大学出版社@d2005 | |
| 215 | @a152页@d24cm | |
| 330 | @a本书为工科高校“程控交换原理”课程的配套学习用书。 | |
| 606 | 0 | @a存储程序控制电话交换机@x高等学校@x教学参考资料 |
| 690 | @aTN916.428@v4 | |
| 701 | 0 | @a刘振霞@Aliu zhen xia@4编著 |
| 801 | 0 | @aCN@bQSSK@c20050721 |
| 905 | @a10447@dTN916.428@eL727 | |
| 程控数字交换原理学习指导与习题解析/刘振霞等编著.-西安:西安电子科技大学出版社,2005 |
| 152页;24cm |
| ISBN 7-5606-1488-4:CNY12.00 |
| 本书为工科高校“程控交换原理”课程的配套学习用书。 |
| ● |
| 相关链接 |
|
|
|
正题名:程控数字交换原理学习指导与习题解析
索取号:TN916.428/L727
 
预约/预借
| 序号 | 登录号 | 条形码 | 馆藏地/架位号 | 状态 | 备注 |
| 1 | 525595 | 205255953 | 自科库301/301自科库 998排5列1层/ [索取号:TN916.428/L727] | 在馆 | |
| 2 | 525596 | 205255962 | 自科库301/301自科库 998排5列1层/ [索取号:TN916.428/L727] | 在馆 | |
| 3 | 525597 | 205255971 | 自科库301/404自科库 17排6列2层/ [索取号:TN916.428/L727] | 在馆 |